Principles and Practice of Public Administration (Record no. 2931)
[ view plain ]
| 000 -LEADER | |
|---|---|
| fixed length control field | 00357nam a22001337a 4500 |
| 008 - FIXED-LENGTH DATA ELEMENTS--GENERAL INFORMATION | |
| fixed length control field | 250411b |||||||| |||| 00| 0 eng d |
| 020 ## - INTERNATIONAL STANDARD BOOK NUMBER | |
| ISBN | 9780292268 |
| 100 ## - MAIN ENTRY--AUTHOR | |
| Author | ADEBAYO Augustus |
| 245 ## - TITLE STATEMENT | |
| Title | Principles and Practice of Public Administration |
| 260 ## - PUBLICATION, DISTRIBUTION, ETC. (IMPRINT) | |
| Place of publication | Ibadan |
| Name of publisher | Spectrum Book Limited |
| Date of publication | 1981 |
| 300 ## - COLLATION | |
| Pagination | xv, 246p. |
| 942 ## - ADDED ENTRY ELEMENTS (KOHA) | |
| Item type | Books |
| 050 ## - LIBRARY OF CONGRESS CALL NUMBER | |
| Classification number | JF7581 |
| Item number | .A34 |
| Source of classification or shelving scheme | Not for loan | Permanent location | Current location | Date acquired | Accession No. | Full call number | Barcode. | Koha item type |
|---|---|---|---|---|---|---|---|---|
| Library of Congress Classification | Samuel Ogbemudia Main Library, University of Abuja | Samuel Ogbemudia Main Library, University of Abuja | 04/11/2025 | 2009/39690 | JF7581.A34 | 2025-1283 | Books | |
| Library of Congress Classification | Samuel Ogbemudia Main Library, University of Abuja | Samuel Ogbemudia Main Library, University of Abuja | 04/22/2025 | 2014/44170 | JQ 3080.A34 | 2025-1477 | Books |